Royal Air Maroc destinations - Statistiques

Statistiques générales
  • Ce quiz a été pris 52 fois
  • Le résultat moyen est 42 sur 86
Réponses sur la Carte
Les réponses sont colorées sur une échelle allant du rouge au vert en fonction du pourcentage des utilisateurs qui les ont devinées à leur premier essai. Vous pouvez retrouver ces pourcentages ci-dessous.
 
Statistiques - réponses
Réponse % Correct
Casablanca
86%
Paris
86%
Lisbonne
81%
Madrid
81%
Barcelone
79%
New York
79%
Marseille
76%
Moscou
76%
Rabat
76%
Rome
76%
Tanger
76%
Tunis
76%
Londres
74%
Bordeaux
71%
Lyon
71%
Marrakech
71%
Pekin
71%
Bruxelles
69%
Dakar
69%
Fes
69%
Le Caire
69%
Miami
69%
Nantes
69%
Naples
69%
Porto
69%
Amsterdam
67%
Milan
67%
Nice
67%
Dubaï
64%
Montpellier
62%
Toulouse
62%
Washington
62%
Agadir
60%
Doha
60%
Manchester
60%
Montreal
60%
Sao Paulo
57%
Seville
57%
Turin
57%
Francfort
55%
Malaga
55%
Genève
52%
Oujda
52%
Strasbourg
52%
Dakhla
50%
Toronto
50%
Abidjan
48%
Tetouan
45%
Venise
45%
Kinshasa
43%
Valence
43%
Bamako
40%
Bologne
40%
Médine
40%
Nador
40%
Nouakchott
40%
Ouarzazate
40%
Conakry
36%
Djeddah
33%
Lagos
33%
Brazzaville
31%
Luanda
29%
Ouagadougou
29%
Yaounde
29%
Libreville
26%
Tenerife
26%
Al Hoceima
24%
Bangui
24%
Bissau
24%
Errachidia
24%
Guelmim
24%
Las Palmas
24%
Lome
24%
Niamey
24%
Abuja
21%
Banjul
21%
Douala
21%
Freetown
21%
Praia
21%
Tantan
21%
Zagora
21%
Accra
19%
Cotonou
19%
Layoune
19%
Monrovia
14%
Malabo
10%
Aucun quiz correspondant
Distribution des résultats
% des personnes avec chaque résultat
Percentile par nombre de réponses
Votre historique - résultats
Vous n’avez pas pris ce quiz